| LEADER | 00926nam a2200265 a 4500 | ||
|---|---|---|---|
| 001 | c000176837 | ||
| 003 | CARM | ||
| 005 | 19981125000000.0 | ||
| 008 | 830609s1960 uk 001 0 eng d | ||
| 019 | 1 | |a 2721669 |5 LACONCORD2021 | |
| 035 | |a (OCoLC)11001856 |5 LACONCORD2021 | ||
| 040 | |a QUT |b eng |c QUT |d NU | ||
| 082 | 0 | 4 | |a 657.45 |
| 100 | 1 | |a Cutforth, Arthur E. |q (Arthur Edwin), |c Sir, |d b. 1881. | |
| 245 | 1 | 0 | |a Audits / |c Sir Arthur E. Cutforth. |
| 250 | |a 11th ed. / |b by Alfred Palmer and J.C. Crawford. | ||
| 260 | |a London : |b Gee, |c 1960. | ||
| 300 | |a 324 p. ; |c 22 cm. | ||
| 500 | |a Includes index. | ||
| 650 | 0 | |a Auditing. | |
| 700 | 1 | |a Palmer, Alfred. | |
| 700 | 1 | |a Crawford, J. C.,. | |
| 852 | 8 | |b CARM |h A2:AJ26C0 |i B05120 |p 0215541 |f BK | |
| 999 | f | f | |i d137803b-779e-52b0-8abb-3f79657a7a05 |s caae32d1-7031-5caa-9a27-79bd20f3b0c2 |
| 952 | f | f | |p Can circulate |a CAVAL |b CAVAL |c CAVAL |d CARM 1 Store |e B05120 |f A2:AJ26C0 |h Other scheme |i book |m 0215541 |